| 000 | 00473cam a2200205ua 4500 | ||
|---|---|---|---|
| 001 | 7653 | ||
| 005 | 20260515114236.0 | ||
| 008 | 141220n ii |||gr||||Z||||||asm | ||
| 040 | _cMAIN | ||
| 041 | _aasm | ||
| 082 | _a323 | ||
| 100 |
_aGogoi, P., _eAuthor. |
||
| 245 | 1 |
_aManab adhikar _cBy Purandar Gogoi |
|
| 250 | _a4th. | ||
| 260 |
_aDibrugarh: _bBanalata, _c2013. |
||
| 300 | _a212p. | ||
| 653 | _aCivil & political rights | ||
| 653 | _aHuman rights | ||
| 942 | _cBK | ||
| 999 |
_c6770 _d6770 |
||